000 00483nam a2200157Ia 4500
003 GCL
008 140319s9999 xx 000 0 ara d
040 _aGCL /
_cGCL
082 0 4 _aط
_b813.02
_bم ع
100 1 _aمحمود عبدالغفار الحارث
245 1 0 _aحقيبة المجوهرات /
_cمحمود عبدالغفار الحارث
490 _aسلسلة عصفور الجنه
_v0
650 0 4 _aالاطفال
650 0 4 _aقصص الاطفال
942 _2ddc
_cBK
999 _c49396
_d49396